000 00709cam a22002417a 4500
008
020 _a9781859462966 (hbk.)
049 _aMAIN
090 _aNA642
_bSTR
100 1 _aStrelitz, Ziona.
245 1 0 _aBuildings that feel good /
_cZiona Strelitz.
260 _aLondon :
_bRIBA,
_c2008.
300 _a148 p. :
_bill. (chiefly col.) ;
_c28 cm.
500 _aIncludes index.
650 0 _aArchitecture, Modern
_y20th century.
650 0 _aArchitecture, Modern
_y21st century.
650 0 _aArchitecture
_xHuman factors.
907 _a.b10373998
_b02-06-16
_c01-06-16
003
005 20230120131040.0
040 _cNUST
942 _cBOOKS
_kNA642
_mSTR
999 _c95924
_d95924